Právo na prednostné upisovanie akcií

Právo na prednostné upisovanie akcií ako právo súčasných akcionárov v spoločnosti na získanie novo emitovaných akcií pred tým, ako sa ponúknu tretím osobám. Limity využitia práva. Obmedzenie alebo vylúčenie prednostného práva z dôležitých dôvodov. Vymedzenie okruhu subjektov oprávnených vykonávať u...

Description complète

Enregistré dans:
Détails bibliographiques
Auteur principal: Janáč, Viliam
Format: Chapitre de livre
Langue:slovaque
Sujets:
Tags: Ajouter un tag
Pas de tags, Soyez le premier à ajouter un tag!

MARC

LEADER 00000naa a2200000 4500
001 0281122
005 20240417075151.0
041 0 |a slo 
044 |a SK 
245 1 0 |a Právo na prednostné upisovanie akcií  |c Vilimam Janáč 
520 |a Právo na prednostné upisovanie akcií ako právo súčasných akcionárov v spoločnosti na získanie novo emitovaných akcií pred tým, ako sa ponúknu tretím osobám. Limity využitia práva. Obmedzenie alebo vylúčenie prednostného práva z dôležitých dôvodov. Vymedzenie okruhu subjektov oprávnených vykonávať upisovanie akcií. Komparácia amerického a európskeho modelu práva. 
610 2 0 |a imanie základné 
610 2 0 |a spoločnosti akciové 
610 2 0 |a zákony 
610 2 0 |a emitenti 
610 2 0 |a porovnanie medzinárodné 
100 1 |a Janáč, Viliam